000 01839cam a22004814i 4500
003 PE-LiUPU
005 20250731173350.0
008 150706s r 000 0 d
020 _a0802841465
035 _a(Sirsi) i9780802841469
040 _aPE-LiUPU
_bspa
_cPE-LiUPU
_erda
049 _aPRUA
082 0 4 _a220.609 02
_bL91
_221
100 1 _aLubac, Henri de,
_d1896- ,
_eautor.
245 1 0 _aMedieval exegesis :
_bthe four senses of scripture.
_n2 /
_cHenri de Lubac.
264 1 _aMichigan :
_bWm. B. Eerdmans Publishing,
_c[2000].
300 _a439 páginas ;
_c24 centímetros
336 _atext
_2rdacontent
337 _aunmediated
_2rdamedia
338 _avolume
_2rdacarrier
490 0 _aRessourcement: Retrieval and Renewal in Catholic Thought
505 0 _aNames and number of the Biblical Senses -- The foundation of history -- Allegory, sense of the faith -- Mystical tropology -- Anagogy and eschatology.
526 _aSEG42
526 _aSEG41
526 _aSEG40
526 _aSEG39
526 _aP94
526 _aP87
526 _aP86
526 _aP85
526 _aP77
526 _aP76
526 _aP35
541 _g8238765;
630 _aBiblia
_xCrítica, interpretación, etc.
_xHistoria
_yEdad media, 600-1500.
700 1 _aMacierowski, E. M.,
_etr.
910 _agl
_bjv
_clch
_d20100216
942 _2ddc
_cBOOK
949 _a220.609 02 L91 2
_wDEWEY
_c1
_i60967
_lCCODEBUL1
_mBUL
_p48.00
_r0
_sY
_tBOOK
_u2015-7-6
_xTEOLOGIA
_zUNKNOWN
_0COMPRA
_o.STAFF. Colección General
994 _aC0
_bPEPRU
596 _a1
999 _a220.609 02 L91 2
_wDEWEY
_c50318
_i60967
_f2021-11-9
_g5
_lCCODEBUL1
_mBUL
_p48.00
_r0
_sY
_tBOOK
_u2015-7-6
_xTEOLOGIA
_zUNKNOWN
_0COMPRA
_o.STAFF. Colección General
_d50318
980 _81
_gALBERTO SANCHEZ Responsable de Automatización